| 000 | 00757nam a2200217 a 4500 | ||
|---|---|---|---|
| 999 |
_c11136 _d11136 |
||
| 001 | 11136 | ||
| 003 | BD-JhCC | ||
| 005 | 20201116134020.0 | ||
| 008 | 190601s2015 bg a|||| |||| 000 0 ben d | ||
| 020 | _a9847020001979 | ||
| 035 | _a(BD-JhCC)11136 | ||
| 040 |
_aBD-JhCC _dBD-JhCC |
||
| 041 | _aben | ||
| 082 |
_a344.41099 _bPAR 2015 |
||
| 100 | _aপারভেজ, সৈয়দ মাজহারুল | ||
| 245 |
_aখেলাধুলার আইন / _cসৈয়দ মাজহারুল পারভেজ |
||
| 260 |
_aঢাকা : _bহাতেখড়ি, _c২০১৮. |
||
| 300 |
_a৫৪২ পৃ. : _bচিত্রবলী সংযোজিত; _c২৩ সেমি. |
||
| 650 | _aSports lawyers | ||
| 942 |
_2ddc _cBK _04 |
||